JACKSUCKSATLIFE QUIZ - Statistics

General Stats
  • This quiz has been taken 37 times
  • The average score is 9 of 15
Answer Stats
Jack-picks Answer % Correct
Girlfriend Becky
81%
Dog Kong
77%
Editor Kai
73%
Favourite flag Saint lucia
73%
Bought channels Fufik
69%
Favourite flag Seychelles
69%
Bought channels Pretty woman kitchen
65%
Finnish the guote: I haven’t had much ____ Sex
65%
Dog Flossy
62%
Country he promised to go to Equatorial guinea
58%
Finnish the quote: I was young and I was ____ Foolish
58%
Reddit R Jacksucksatlife
58%
Finnish the quote: straightboy69___ 420
50%
Jacks fans name Jack offs
38%
Finnish the quote: is Jack a ____ Pretzel / chicken burger
19%
No matching quizzes found
Score Distribution
Percent of People with Each Score
Percentile by Number Answered
Your Score History
You have not taken this quiz